| 000 | 00456nam a22001697a 4500 | ||
|---|---|---|---|
| 005 | 20240216172400.0 | ||
| 008 | 240213b |||||||| |||| 00| 0 eng d | ||
| 020 | _a978-93-93885-36-4 | ||
| 041 | _aEnglish | ||
| 082 | _aMS 610.73677 VEN DB1222 | ||
| 100 | _aVenkatesan B | ||
| 245 | _aB.Sc. Nursing IV Semester: Adult Health Nursing-II | ||
| 260 |
_bEMMESS Medical Publishers _c2023 _aBangalore |
||
| 300 | _a721p | ||
| 365 | _b895.00 | ||
| 942 | _cDB | ||
| 999 |
_c357081 _d357081 |
||